[Event "IECC CL2-2001.47"]
[Site "IECC email"]
[Date "2001.12.31"]
[Round "?"]
[White "Bilsel, Sabahaddin"]
[Black "Elliott, Thomas"]
[Result "1/2-1/2"]
[WhiteElo "2070"]
[BlackElo "2098"]
[PlyCount "59"]
[EventDate "2001.??.??"]
[EventType "tourn (corr)"]
[EventRounds "4"]
[SourceTitle "Corr 2008"]
[Source "ChessBase"]
[SourceDate "2008.06.24"]
[SourceVersion "1"]
[SourceVersionDate "2008.06.24"]
[SourceQuality "1"]

1. d4 Nf6 2. c4 g6 3. Nc3 d5 4. cxd5 Nxd5 5. e4 Nxc3 6. bxc3 Bg7 7. Bc4 0-0 8. Ne2 c5 9. 0-0 Nc6 10. Be3 cxd4 11. cxd4 Bg4 12. f3 Na5 13. Bd5 Bd7 14. Rb1 a6 15. Bxb7 Ra7 16. Bd5 Bb5 17. a4 Bxe2 18. Qxe2 e6 19. Bc4 Bxd4 20. Rfd1 Bxe3+ 21. Qxe3 Rd7 22. Be2 Rxd1+ 23. Rxd1 Qc8 24. Qb6 Qc2 25. Qxa6 Qxa4 26. e5 Rb8 27. Qa7 Qb4 28. f4 Nc6 29. Qf2 Ne7 30. g3 1/2-1/2

[Event "IECC CL2-2001.47"]
[Site "IECC email"]
[Date "2001.12.31"]
[Round "?"]
[White "Elliott, Thomas"]
[Black "Newton, Hobart E"]
[Result "0-1"]
[WhiteElo "2071"]
[BlackElo "1972"]
[PlyCount "64"]
[EventDate "2001.??.??"]
[EventType "tourn (corr)"]
[EventRounds "4"]
[SourceTitle "Corr 2008"]
[Source "ChessBase"]
[SourceDate "2008.06.24"]
[SourceVersion "1"]
[SourceVersionDate "2008.06.24"]
[SourceQuality "1"]

1. d4 Nf6 2. c4 e5 3. dxe5 Ng4 4. Bf4 g5 5. Bg3 Bg7 6. Nf3 Nc6 7. Nc3 Ngxe5 8. Nxe5 Nxe5 9. e3 d6 10. h4 g4 11. h5 0-0 12. Be2 Be6 13. Qb3 f5 14. 0-0-0 Nd7 15. f3 Nc5 16. Qc2 Qe7 17. Kb1 Rae8 18. Bf4 Bf7 19. Nd5 Qd7 20. h6 Bh8 21. Rhf1 Bg6 22. Nxc7 Qxc7 23. Bxd6 Qb6 24. Bxf8 Rxf8 25. Rd2 Re8 26. Bd3 gxf3 27. Bxf5 Bxb2 28. Qxb2 Bxf5+ 29. Ka1 Qxh6 30. gxf3 Qxe3 31. Rdd1 Bg6 32. f4 Rf8 0-1